Statistics for India Languages Quiz

Click here to take the quiz!

General Stats

  • This quiz has been taken 44 times
  • The average score is 9 of 12

Answer Stats

SpeakersLanguage% Correct
551,416,518Hindi
97%
84,184,806Marathi
92%
66,742,402Tamil
89%
125,344,736English
87%
91,115,079Bengali
84%
84,992,501Telugu
84%
59,079,512Urdu
84%
50,271,961Gujarati
84%
33,761,465Malayalam
76%
50,775,726Kannada
74%
36,609,122Odia
50%
4,991,289Sanskrit
24%

Score Distribution

Percentile by Number Answered

Percent of People with Each Score

Your Score History

You have not taken this quiz